书目信息 |
| 题名: |
易北河畔的密窟
|
|
| 作者: | 纳西波夫 , Насибов 著 ;高长荣 译 | |
| 分册: | ||
| 出版信息: | 天津 天津人民出版社 1980 |
|
| 页数: | 420页 | |
| 开本: | 19cm | |
| 丛书名: | ||
| 单 册: | ||
| 中图分类: | I512.45 , I512.4 | |
| 科图分类: | ||
| 主题词: | 长篇小说--苏联--现代 , 文学 | |
| 电子资源: | ||
| ISBN: | ||
| 000 | 00991nam0 2200313 45 | |
| 001 | 0180007197 | |
| 005 | 20060921144946.93 | |
| 010 | @dCNY1.01 | |
| 091 | @a10072.680 | |
| 100 | @a19950817d1980 em y0chiy0121 ea | |
| 101 | 1 | @achi@crus |
| 102 | @aCN@b120000 | |
| 105 | @ay z 000ay | |
| 106 | @ar | |
| 200 | 10 | @a易北河畔的密窟@Ayi bei he pan de mi ku@f(苏)亚历山大·纳西波夫(Александр Насибов)著@g高长荣译 |
| 210 | @a天津@c天津人民出版社@d1980 | |
| 215 | @a420页@d19cm | |
| 300 | @a书名原文:Тайникна Эльбе | |
| 510 | 1 | @aТайникна Эльбе@zrus |
| 606 | @a长篇小说@y苏联@z现代 | |
| 606 | 0 | @a文学 |
| 690 | @aI512.45@v3 | |
| 690 | @aI512.4 | |
| 701 | 1 | @a纳西波夫@Ana xi bo fu@b亚历山大@4著 |
| 701 | A1 | @aНасибов@bА.@4著 |
| 702 | 0 | @a高长荣@Agao chang rong@4译 |
| 801 | 0 | @aCN@b上海图书馆@c20060921 |
| 801 | 2 | @aCN@bNLC@c20040412 |
| 905 | @f3@b27143-145@f1@b27137@f1@b27141@f1@b27147@f1@b27136@f1@b27140@dI512.4@e366 | |
| 易北河畔的密窟/(苏)亚历山大·纳西波夫(Александр Насибов)著/高长荣译.-天津:天津人民出版社,1980 |
| 420页;19cm |
| 书名原文:Тайникна Эльбе |
| ISBN :CNY1.01 |
| ● |
| 相关链接 |
|
|
|
|
正题名:易北河畔的密窟
索取号:I512.4/366
 
预约/预借
| 序号 | 登录号 | 条形码 | 馆藏地/架位号 | 状态 | 备注 |
| 1 | 0027136 | 000787161 | 密集书库/ [索取号:I512.4/366] | 在馆 | |
| 2 | 0027137 | 001592609 | 密集书库/ [索取号:I512.4/366] | 在馆 | |
| 3 | 0027140 | 000650959 | 密集书库/ [索取号:I512.4/366] | 在馆 | |
| 4 | 0027141 | 000650986 | 密集书库/ [索取号:I512.4/366] | 在馆 | |
| 5 | 0027143 | 000650940 | 密集书库/ [索取号:I512.4/366] | 在馆 | |
| 6 | 0027144 | 001502662 | 第一样本阅览室/ [索取号:I512.4/366] | 在馆 | |
| 7 | 0027145 | 000650968 | 密集书库/ [索取号:I512.4/366] | 在馆 | |
| 8 | 0027147 | 000650977 | 第二借阅区/ [索取号:I512.4/366] | 在馆 |